[Event "QCD-Prof Lim Kok Ann GM 2018"]
[Site "Singapore"]
[Date "2018.06.12"]
[Round "9"]
[White "Lee, Qing Aun"]
[Black "Gareyev, Timur"]
[Result "0-1"]
[WhiteElo "2339"]
[BlackElo "2611"]
[Annotator "TA"]
[PlyCount "88"]
[EventDate "2018.06.12"]
[EventType "tourn"]
[SourceTitle "playchess.com"]
[Source "ChessBase"]
[SourceQuality "1"]

{[%evp 23,88,34,29,27,24,-10,0,-7,-9,0,8,0,3,-49,-35,-54,-51,-97,-104,-89,-88,-100,-102,-99,-101,-104,-108,-101,-87,-109,-103,-113,-120,-105,-116,-105,-105,-139,-119,-130,-118,-119,-102,-108,-109,-290,-280,-913,-279,-272,-174,-160,-177,-737,-779,-772,-770,-756,-729,-29968,-29968,-29981,-29982,-29982,-29983,-29982,-2060]} 1. e4 e5 2. Nf3 Nc6 3. Bc4 Bc5 4. c3 d6 5. O-O Nf6 6. d3 a6 7. Nbd2 O-O 8. Bb3 Ba7 9. h3 Ne7 10. Re1 Ng6 11. Nf1 Re8 {C54: Italienische Partie (Hauptvariante)} (11... c6 12. Ng3 d5 13. exd5 Nxd5 14. d4 exd4 15. Nxd4 h6 16. Bc2 Re8 17. Rxe8+ Qxe8 18. Bb3 Qe5 19. Kh2 {½-½ (42) Leko,P (2693)-Carlsen,M (2840) Doha 2016}) 12. Ng3 Be6 {LiveBook: 22 Partien} 13. Bxe6 Rxe6 {Weiß hat minimalen Vorteil.} 14. Be3 $146 ({Vorgänger:} 14. Qb3 Rb8 15. d4 Qd7 16. d5 Ree8 17. Bg5 Nf4 18. Bxf6 Nxh3+ 19. Kf1 {1-0 (28) Savic,M (2492)-Mesaros,F (2415) Paracin 2017}) 14... Bxe3 15. Rxe3 d5 16. exd5 Qxd5 17. Qc2 Rae8 18. d4 (18. c4 $11 Qc5 19. Qc3) 18... exd4 $15 19. Rxe6 Rxe6 20. Nxd4 {[#]} Nf4 $1 {[%csl Gf4][%cal Rd5g2,Bg6f4,Bf4h5,Bh5f6][%mdl 544]} 21. f3 Re8 $1 $36 {[%mdl 2048] Schwarz ist am Drücker.} 22. Rd1 Qxa2 23. Nb3 {Mit der Idee Ta1.} N6d5 $1 24. Nh5 Nxh5 25. Rxd5 Nf6 26. Rd4 g6 27. Kf2 b6 28. g4 h6 29. h4 a5 {[%cal Ba6a5,Ba5a4][%mdl 32]} 30. g5 hxg5 31. hxg5 Nh7 32. f4 a4 33. Nd2 b5 {zielt auf ...a3 ab.} 34. f5 $2 (34. Qc1 $17) 34... Nxg5 $19 {Droht ...a3 und aus.} 35. Rg4 $2 (35. Qd3 Qxb2 36. Rd8 Ne4+ 37. Ke3 Nf6+ 38. Rxe8+ Nxe8 39. fxg6) 35... f6 $2 (35... Qd5 36. Rxg5 Qc5+ 37. Kf1 Qe3) 36. Qd3 gxf5 (36... Qxb2 37. Qd5+ Kf8 38. Rxg5 $1 $11 {[%mdl 512]}) 37. Qxf5 Qe6 ({Nur nicht} 37... Qxb2 $2 38. Qg6+ Kf8 39. Qxf6+ Nf7 40. Qg7+ Ke7 41. Re4+ Kd6 42. Qd4+ Kc6 43. Rxe8 $18) 38. Qg6+ $2 (38. Qxe6+ Rxe6 39. c4) 38... Kf8 39. Qh6+ Kf7 40. Qh5+ Kg7 {( -> ...De1+)} 41. Nf1 Qf5+ {Schwarz setzt Matt.} 42. Kg3 Qf3+ 43. Kh2 Re2+ 44. Kg1 {[#]} Rg2+ $1 {[%mdl 512] Precision: Weiß = 48%, Schwarz = 77%.} 0-1

[Event "QCD-Prof Lim Kok Ann GM 2018"]
[Site "Singapore"]
[Date "2018.06.12"]
[Round "9"]
[White "Gong, Qianyun"]
[Black "Tin, Jingyao"]
[Result "1-0"]
[WhiteElo "2300"]
[BlackElo "2445"]
[Annotator "TA"]
[PlyCount "97"]
[EventDate "2018.06.12"]
[EventType "tourn"]
[SourceTitle "playchess.com"]
[Source "ChessBase"]
[SourceQuality "1"]

{[%evp 22,97,2,0,33,38,44,31,39,32,36,45,30,-44,-33,-35,27,23,38,19,92,86,133,122,237,229,252,236,237,195,225,229,256,237,211,203,303,289,379,377,367,365,366,351,470,460,942,333,318,326,317,197,209,205,800,744,852,827,1416,1364,1281,1343,1650,1625,5879,1416,12843,3570,29985,29986,29986,29986,29988,29989,29990,29991,29992,29993]} 1. e4 e5 2. Nf3 Nc6 3. Bc4 Nf6 4. Ng5 d5 5. exd5 Na5 6. Bb5+ c6 7. dxc6 bxc6 8. Be2 h6 9. Nh3 Bc5 10. d3 O-O 11. O-O Nd5 {C59: Two Knights: 4 Ng5 d5 5 exd5 Na5 5 Bb5+ c6 6 dxc6 bxc6 7 Be2} (11... Nb7 12. Nc3 Bf5 13. Kh1 Re8 14. g4 Bc8 15. Rg1 Bd4 16. Qf1 g5 17. Bf3 Bxc3 18. bxc3 e4 19. Bg2 {½-½ (56) Ness,H (2531)-Zhak,B (2601) ICCF email 2015}) 12. Nc3 {LiveBook: 3 Games} Qh4 13. Bd2 {Threatens to win with Nxd5.} Nb7 $146 {White is slightly better.} ({Predecessor:} 13... Bb6 14. Bf3 Bxh3 15. gxh3 Rad8 16. Bg2 f5 17. Qe1 e4 18. Nxd5 Rxd5 19. dxe4 fxe4 20. Bxa5 Rxa5 21. Qxe4 {1-0 (27) Mednis,E (2435)-Westerinen,H (2485) Budapest 1976}) 14. Bf3 Be6 15. Kh1 Rae8 16. Ne4 Bxh3 17. Nxc5 (17. gxh3 $11 Bb6 18. Nc3) 17... Nxc5 $15 18. gxh3 Re6 (18... e4 $15 19. dxe4 Nxe4) 19. b4 $11 Nd7 20. b5 $36 {[%mdl 2048] White is more active.} Ne7 (20... N7f6 $11 {keeps the balance.}) 21. a4 $16 c5 22. Bg2 f5 (22... Ng6 $16) 23. f4 $18 exf4 24. Bxf4 Qf6 25. Re1 Rxe1+ 26. Qxe1 g5 {[#]} 27. Bd2 $1 f4 {With the idea ...f3.} 28. Bf3 Nf5 (28... Qd6 {was necessary.} 29. h4 Ne5) 29. Bd5+ Kg7 30. Bc3 Nd4 31. Qe4 Nb6 32. a5 Nxd5 33. Qxd5 Qe7 (33... Qf5 $142 34. Qxf5 (34. Bxd4+ cxd4 35. Qxd4+ Kg8 $18) 34... Rxf5) 34. Bxd4+ $2 (34. Re1 Qc7 35. Re6) 34... cxd4 35. Qxd4+ {[%mdl 4096] Endgame KQR-KQR} Rf6 36. Kg1 f3 {intending ...f2+.} 37. Rf1 Qe2 $2 (37... Kg8 38. b6 axb6) 38. Qxa7+ Kg6 39. Qf2 {Qxe2 is the strong threat.} Qe6 40. a6 Qxh3 41. a7 Qg4+ 42. Kh1 Qa4 43. b6 (43. Qe3 $142 Qxc2 44. Qe8+ Kg7 45. Qe7+ Kg6 {[#]} 46. Qxf6+ $1 {[%mdl 512]} Kxf6 47. Rxf3+ Kg6 48. a8=Q Qd1+ 49. Kg2 Qe2+ 50. Kg1 Qe1+ 51. Rf1 Qe3+ 52. Kh1) 43... Qa6 44. c4 (44. Qe3 $142 Qa4 45. b7 Qxc2 46. Rg1) 44... g4 45. Qd4 {White mates.} g3 46. hxg3 {[%cal Bh2g3,Bg3g4][%mdl 32]} Qc8 47. Qe4+ Kh5 {[#]} 48. g4+ $1 Kh4 (48... Qxg4 49. Qxg4+) 49. a8=Q {Precision: White = 67%, Black = 30%.} 1-0